000 00634nam a22002057a 4500
003 OSt
005 20140310181805.0
008 130704t xxu||||| |||| 00| 0 eng d
020 _a9710869809
050 _aG 2390
_b.P552 2009
082 _aREF 912.599
_bP53 2009
245 _aPhilippine and World student atlas :
_bfor high school. /
260 _aManila :
_bNational Book Store,
_c2009.
300 _a89 p. ;
_bill. col. ;
_c28 cm.
520 _a1. Philippines--Economic conditions--Maps 2. World--Economic conditions--Maps
521 _aBasic ed. students
541 _j1
562 _e1
942 _2lcc
_cBK-GR
_kREF
999 _c3767
_d3767